<?xml version="1.0" encoding="UTF-8"?>
<record
    xmlns:xsi="http://www.w3.org/2001/XMLSchema-instance"
    xsi:schemaLocation="http://www.loc.gov/MARC21/slim http://www.loc.gov/standards/marcxml/schema/MARC21slim.xsd"
    xmlns="http://www.loc.gov/MARC21/slim">

  <leader>00642nam a2200229 i 4500</leader>
  <controlfield tag="001">C2-0136186</controlfield>
  <controlfield tag="003">PPAK</controlfield>
  <controlfield tag="005">20180727124138.0</controlfield>
  <controlfield tag="008">971213s1975    nyua|||| |||||  |   eng d</controlfield>
  <datafield tag="020" ind1=" " ind2=" ">
    <subfield code="a">0717201066</subfield>
  </datafield>
  <datafield tag="040" ind1=" " ind2=" ">
    <subfield code="a">PPAK</subfield>
    <subfield code="b">eng</subfield>
    <subfield code="c">PPAK</subfield>
    <subfield code="e">rda</subfield>
  </datafield>
  <datafield tag="082" ind1="0" ind2="4">
    <subfield code="a">032</subfield>
    <subfield code="2">23</subfield>
  </datafield>
  <datafield tag="090" ind1="0" ind2="0">
    <subfield code="a">032</subfield>
    <subfield code="b">ENC</subfield>
    <subfield code="d">R</subfield>
  </datafield>
  <datafield tag="245" ind1="0" ind2="0">
    <subfield code="a">Encyclopedia Americana : 1907-1912 -</subfield>
  </datafield>
  <datafield tag="264" ind1=" " ind2="1">
    <subfield code="a">New York : </subfield>
    <subfield code="b">Americana Corporation , </subfield>
    <subfield code="c">1975</subfield>
  </datafield>
  <datafield tag="300" ind1=" " ind2=" ">
    <subfield code="a">857 pages. : </subfield>
    <subfield code="b">colour illustrations ; </subfield>
    <subfield code="c">25 cm</subfield>
  </datafield>
  <datafield tag="336" ind1=" " ind2=" ">
    <subfield code="2">rdacontent</subfield>
    <subfield code="a">text</subfield>
  </datafield>
  <datafield tag="337" ind1=" " ind2=" ">
    <subfield code="2">rdamedia</subfield>
    <subfield code="a">unmediated</subfield>
  </datafield>
  <datafield tag="338" ind1=" " ind2=" ">
    <subfield code="2">rdacarrier</subfield>
    <subfield code="a">volume</subfield>
  </datafield>
  <datafield tag="650" ind1="1" ind2="0">
    <subfield code="a">Encyclopedias and dictionaries</subfield>
  </datafield>
  <datafield tag="942" ind1=" " ind2=" ">
    <subfield code="d">dc</subfield>
    <subfield code="c">B</subfield>
  </datafield>
  <datafield tag="999" ind1=" " ind2=" ">
    <subfield code="c">42836</subfield>
    <subfield code="d">42836</subfield>
  </datafield>
  <datafield tag="952" ind1=" " ind2=" ">
    <subfield code="0">0</subfield>
    <subfield code="7">1</subfield>
    <subfield code="b">PPAK</subfield>
    <subfield code="c">R</subfield>
    <subfield code="d">1997-12-13</subfield>
    <subfield code="h">Volume 11</subfield>
    <subfield code="o">R 032 ENC</subfield>
    <subfield code="p">A00100994</subfield>
    <subfield code="r">2018-05-08 00:00:00</subfield>
    <subfield code="y">B</subfield>
  </datafield>
  <datafield tag="952" ind1=" " ind2=" ">
    <subfield code="0">0</subfield>
    <subfield code="7">1</subfield>
    <subfield code="b">PPAK</subfield>
    <subfield code="c">R</subfield>
    <subfield code="d">1997-12-13</subfield>
    <subfield code="h">Volume 2</subfield>
    <subfield code="o">R 032 ENC</subfield>
    <subfield code="p">A00100985</subfield>
    <subfield code="r">2019-07-11 00:00:00</subfield>
    <subfield code="y">B</subfield>
  </datafield>
  <datafield tag="952" ind1=" " ind2=" ">
    <subfield code="0">0</subfield>
    <subfield code="7">1</subfield>
    <subfield code="b">PPAK</subfield>
    <subfield code="c">R</subfield>
    <subfield code="d">1997-12-13</subfield>
    <subfield code="h">Volume 1</subfield>
    <subfield code="o">R 032 ENC</subfield>
    <subfield code="p">A00100984</subfield>
    <subfield code="r">2019-07-11 00:00:00</subfield>
    <subfield code="y">B</subfield>
  </datafield>
  <datafield tag="952" ind1=" " ind2=" ">
    <subfield code="0">0</subfield>
    <subfield code="7">1</subfield>
    <subfield code="b">PPAK</subfield>
    <subfield code="c">R</subfield>
    <subfield code="d">1997-12-13</subfield>
    <subfield code="h">Volume 3</subfield>
    <subfield code="o">R 032 ENC</subfield>
    <subfield code="p">A00100986</subfield>
    <subfield code="r">2019-07-11 00:00:00</subfield>
    <subfield code="y">B</subfield>
  </datafield>
  <datafield tag="952" ind1=" " ind2=" ">
    <subfield code="0">0</subfield>
    <subfield code="7">1</subfield>
    <subfield code="b">PPAK</subfield>
    <subfield code="c">R</subfield>
    <subfield code="d">1997-12-13</subfield>
    <subfield code="h">Volume 4</subfield>
    <subfield code="o">R 032 ENC</subfield>
    <subfield code="p">A00100987</subfield>
    <subfield code="r">2019-07-11 00:00:00</subfield>
    <subfield code="y">B</subfield>
  </datafield>
  <datafield tag="952" ind1=" " ind2=" ">
    <subfield code="0">0</subfield>
    <subfield code="7">1</subfield>
    <subfield code="b">PPAK</subfield>
    <subfield code="c">R</subfield>
    <subfield code="d">1997-12-13</subfield>
    <subfield code="h">Volume 5</subfield>
    <subfield code="o">R 032 ENC</subfield>
    <subfield code="p">A00100988</subfield>
    <subfield code="r">2019-07-11 00:00:00</subfield>
    <subfield code="y">B</subfield>
  </datafield>
  <datafield tag="952" ind1=" " ind2=" ">
    <subfield code="0">0</subfield>
    <subfield code="7">1</subfield>
    <subfield code="b">PPAK</subfield>
    <subfield code="c">R</subfield>
    <subfield code="d">1997-12-13</subfield>
    <subfield code="h">Volume 6</subfield>
    <subfield code="o">R 032 ENC</subfield>
    <subfield code="p">A00100989</subfield>
    <subfield code="r">2019-07-11 00:00:00</subfield>
    <subfield code="y">B</subfield>
  </datafield>
  <datafield tag="952" ind1=" " ind2=" ">
    <subfield code="0">0</subfield>
    <subfield code="7">1</subfield>
    <subfield code="b">PPAK</subfield>
    <subfield code="c">R</subfield>
    <subfield code="d">1997-12-13</subfield>
    <subfield code="h">Volume 7</subfield>
    <subfield code="o">R 032 ENC</subfield>
    <subfield code="p">A00100990</subfield>
    <subfield code="r">2019-07-11 00:00:00</subfield>
    <subfield code="y">B</subfield>
  </datafield>
  <datafield tag="952" ind1=" " ind2=" ">
    <subfield code="0">0</subfield>
    <subfield code="7">1</subfield>
    <subfield code="b">PPAK</subfield>
    <subfield code="c">R</subfield>
    <subfield code="d">1997-12-13</subfield>
    <subfield code="h">Volume 8</subfield>
    <subfield code="o">R 032 ENC</subfield>
    <subfield code="p">A00100991</subfield>
    <subfield code="r">2019-07-11 00:00:00</subfield>
    <subfield code="y">B</subfield>
  </datafield>
  <datafield tag="952" ind1=" " ind2=" ">
    <subfield code="0">0</subfield>
    <subfield code="7">1</subfield>
    <subfield code="b">PPAK</subfield>
    <subfield code="c">R</subfield>
    <subfield code="d">1997-12-13</subfield>
    <subfield code="h">Volume 9</subfield>
    <subfield code="o">R 032 ENC</subfield>
    <subfield code="p">A00100992</subfield>
    <subfield code="r">2019-07-11 00:00:00</subfield>
    <subfield code="y">B</subfield>
  </datafield>
  <datafield tag="952" ind1=" " ind2=" ">
    <subfield code="0">0</subfield>
    <subfield code="7">1</subfield>
    <subfield code="b">PPAK</subfield>
    <subfield code="c">R</subfield>
    <subfield code="d">1997-12-13</subfield>
    <subfield code="h">Volume 12</subfield>
    <subfield code="o">R 032 ENC</subfield>
    <subfield code="p">A00100995</subfield>
    <subfield code="r">2019-07-11 00:00:00</subfield>
    <subfield code="y">B</subfield>
  </datafield>
  <datafield tag="952" ind1=" " ind2=" ">
    <subfield code="0">0</subfield>
    <subfield code="7">1</subfield>
    <subfield code="b">PPAK</subfield>
    <subfield code="c">R</subfield>
    <subfield code="d">1997-12-13</subfield>
    <subfield code="h">Volume 10</subfield>
    <subfield code="o">R 032 ENC</subfield>
    <subfield code="p">A00100993</subfield>
    <subfield code="r">2019-07-11 00:00:00</subfield>
    <subfield code="y">B</subfield>
  </datafield>
  <datafield tag="952" ind1=" " ind2=" ">
    <subfield code="0">0</subfield>
    <subfield code="7">1</subfield>
    <subfield code="b">PPAK</subfield>
    <subfield code="c">R</subfield>
    <subfield code="d">1997-12-13</subfield>
    <subfield code="h">Volume 13</subfield>
    <subfield code="o">R 032 ENC</subfield>
    <subfield code="p">A00100996</subfield>
    <subfield code="r">2019-07-11 00:00:00</subfield>
    <subfield code="y">B</subfield>
  </datafield>
  <datafield tag="952" ind1=" " ind2=" ">
    <subfield code="0">0</subfield>
    <subfield code="7">1</subfield>
    <subfield code="b">PPAK</subfield>
    <subfield code="c">R</subfield>
    <subfield code="d">1997-12-13</subfield>
    <subfield code="h">Volume 14</subfield>
    <subfield code="o">R 032 ENC</subfield>
    <subfield code="p">A00100997</subfield>
    <subfield code="r">2019-07-11 00:00:00</subfield>
    <subfield code="y">B</subfield>
  </datafield>
  <datafield tag="952" ind1=" " ind2=" ">
    <subfield code="0">0</subfield>
    <subfield code="7">1</subfield>
    <subfield code="b">PPAK</subfield>
    <subfield code="c">R</subfield>
    <subfield code="d">1997-12-13</subfield>
    <subfield code="h">Volume 15</subfield>
    <subfield code="o">R 032 ENC</subfield>
    <subfield code="p">A00100998</subfield>
    <subfield code="r">2019-07-11 00:00:00</subfield>
    <subfield code="y">B</subfield>
  </datafield>
  <datafield tag="952" ind1=" " ind2=" ">
    <subfield code="0">0</subfield>
    <subfield code="7">1</subfield>
    <subfield code="b">PPAK</subfield>
    <subfield code="c">R</subfield>
    <subfield code="d">1997-12-13</subfield>
    <subfield code="h">Volume 16</subfield>
    <subfield code="o">R 032 ENC</subfield>
    <subfield code="p">A00101121</subfield>
    <subfield code="r">2019-07-11 00:00:00</subfield>
    <subfield code="y">B</subfield>
  </datafield>
  <datafield tag="952" ind1=" " ind2=" ">
    <subfield code="0">0</subfield>
    <subfield code="7">1</subfield>
    <subfield code="b">PPAK</subfield>
    <subfield code="c">R</subfield>
    <subfield code="d">1997-12-13</subfield>
    <subfield code="h">Volume 17</subfield>
    <subfield code="o">R 032 ENC</subfield>
    <subfield code="p">A00101122</subfield>
    <subfield code="r">2019-07-11 00:00:00</subfield>
    <subfield code="y">B</subfield>
  </datafield>
  <datafield tag="952" ind1=" " ind2=" ">
    <subfield code="0">0</subfield>
    <subfield code="7">1</subfield>
    <subfield code="b">PPAK</subfield>
    <subfield code="c">R</subfield>
    <subfield code="d">1997-12-13</subfield>
    <subfield code="h">Volume 18</subfield>
    <subfield code="o">R 032 ENC</subfield>
    <subfield code="p">A00101123</subfield>
    <subfield code="r">2019-07-11 00:00:00</subfield>
    <subfield code="y">B</subfield>
  </datafield>
  <datafield tag="952" ind1=" " ind2=" ">
    <subfield code="0">0</subfield>
    <subfield code="7">1</subfield>
    <subfield code="b">PPAK</subfield>
    <subfield code="c">R</subfield>
    <subfield code="d">1997-12-13</subfield>
    <subfield code="h">Volume 19</subfield>
    <subfield code="o">R 032 ENC</subfield>
    <subfield code="p">A00101124</subfield>
    <subfield code="r">2019-07-11 00:00:00</subfield>
    <subfield code="y">B</subfield>
  </datafield>
  <datafield tag="952" ind1=" " ind2=" ">
    <subfield code="0">0</subfield>
    <subfield code="7">1</subfield>
    <subfield code="b">PPAK</subfield>
    <subfield code="c">R</subfield>
    <subfield code="d">1997-12-13</subfield>
    <subfield code="h">Volume 20</subfield>
    <subfield code="o">R 032 ENC</subfield>
    <subfield code="p">A00101125</subfield>
    <subfield code="r">2019-07-11 00:00:00</subfield>
    <subfield code="y">B</subfield>
  </datafield>
  <datafield tag="952" ind1=" " ind2=" ">
    <subfield code="0">0</subfield>
    <subfield code="7">1</subfield>
    <subfield code="b">PPAK</subfield>
    <subfield code="c">R</subfield>
    <subfield code="d">1997-12-13</subfield>
    <subfield code="h">Volume 21</subfield>
    <subfield code="o">R 032 ENC</subfield>
    <subfield code="p">A00101126</subfield>
    <subfield code="r">2019-07-11 00:00:00</subfield>
    <subfield code="y">B</subfield>
  </datafield>
  <datafield tag="952" ind1=" " ind2=" ">
    <subfield code="0">0</subfield>
    <subfield code="7">1</subfield>
    <subfield code="b">PPAK</subfield>
    <subfield code="c">R</subfield>
    <subfield code="d">1997-12-13</subfield>
    <subfield code="h">Volume 22</subfield>
    <subfield code="o">R 032 ENC</subfield>
    <subfield code="p">A00101127</subfield>
    <subfield code="r">2019-07-11 00:00:00</subfield>
    <subfield code="y">B</subfield>
  </datafield>
  <datafield tag="952" ind1=" " ind2=" ">
    <subfield code="0">0</subfield>
    <subfield code="7">1</subfield>
    <subfield code="b">PPAK</subfield>
    <subfield code="c">R</subfield>
    <subfield code="d">1997-12-13</subfield>
    <subfield code="h">Volume 23</subfield>
    <subfield code="o">R 032 ENC</subfield>
    <subfield code="p">A00101128</subfield>
    <subfield code="r">2019-07-11 00:00:00</subfield>
    <subfield code="y">B</subfield>
  </datafield>
  <datafield tag="952" ind1=" " ind2=" ">
    <subfield code="0">0</subfield>
    <subfield code="7">1</subfield>
    <subfield code="b">PPAK</subfield>
    <subfield code="c">R</subfield>
    <subfield code="d">1997-12-13</subfield>
    <subfield code="h">Volume 24</subfield>
    <subfield code="o">R 032 ENC</subfield>
    <subfield code="p">A00101129</subfield>
    <subfield code="r">2019-07-11 00:00:00</subfield>
    <subfield code="y">B</subfield>
  </datafield>
  <datafield tag="952" ind1=" " ind2=" ">
    <subfield code="0">0</subfield>
    <subfield code="7">1</subfield>
    <subfield code="b">PPAK</subfield>
    <subfield code="c">R</subfield>
    <subfield code="d">1997-12-13</subfield>
    <subfield code="h">Volume 25</subfield>
    <subfield code="o">R 032 ENC</subfield>
    <subfield code="p">A00101130</subfield>
    <subfield code="r">2019-07-11 00:00:00</subfield>
    <subfield code="y">B</subfield>
  </datafield>
  <datafield tag="952" ind1=" " ind2=" ">
    <subfield code="0">0</subfield>
    <subfield code="7">1</subfield>
    <subfield code="b">PPAK</subfield>
    <subfield code="c">R</subfield>
    <subfield code="d">1997-12-13</subfield>
    <subfield code="h">Volume 26</subfield>
    <subfield code="o">R 032 ENC</subfield>
    <subfield code="p">A00101131</subfield>
    <subfield code="r">2019-07-11 00:00:00</subfield>
    <subfield code="y">B</subfield>
  </datafield>
  <datafield tag="952" ind1=" " ind2=" ">
    <subfield code="0">0</subfield>
    <subfield code="7">1</subfield>
    <subfield code="b">PPAK</subfield>
    <subfield code="c">R</subfield>
    <subfield code="d">1997-12-13</subfield>
    <subfield code="h">Volume 27</subfield>
    <subfield code="o">R 032 ENC</subfield>
    <subfield code="p">A00101132</subfield>
    <subfield code="r">2019-07-11 00:00:00</subfield>
    <subfield code="y">B</subfield>
  </datafield>
  <datafield tag="952" ind1=" " ind2=" ">
    <subfield code="0">0</subfield>
    <subfield code="7">1</subfield>
    <subfield code="b">PPAK</subfield>
    <subfield code="c">R</subfield>
    <subfield code="d">1997-12-13</subfield>
    <subfield code="h">Volume 28</subfield>
    <subfield code="o">R 032 ENC</subfield>
    <subfield code="p">A00101133</subfield>
    <subfield code="r">2019-07-11 00:00:00</subfield>
    <subfield code="y">B</subfield>
  </datafield>
  <datafield tag="952" ind1=" " ind2=" ">
    <subfield code="0">0</subfield>
    <subfield code="7">1</subfield>
    <subfield code="b">PPAK</subfield>
    <subfield code="c">R</subfield>
    <subfield code="d">1997-12-13</subfield>
    <subfield code="h">Volume 29</subfield>
    <subfield code="o">R 032 ENC</subfield>
    <subfield code="p">A00101134</subfield>
    <subfield code="r">2019-07-11 00:00:00</subfield>
    <subfield code="y">B</subfield>
  </datafield>
  <datafield tag="952" ind1=" " ind2=" ">
    <subfield code="0">0</subfield>
    <subfield code="7">1</subfield>
    <subfield code="b">PPAK</subfield>
    <subfield code="c">R</subfield>
    <subfield code="d">1997-12-13</subfield>
    <subfield code="h">Volume 30</subfield>
    <subfield code="o">R 032 ENC</subfield>
    <subfield code="p">A00101135</subfield>
    <subfield code="r">2019-07-11 00:00:00</subfield>
    <subfield code="y">B</subfield>
  </datafield>
</record>
